000 00780nam a2200217Ia 4500
003 GCL
008 140319s9999 xx 000 0 ara d
020 _a008415997
040 _aGCL /
_cGCL
082 0 4 _a928.1
_bأ ى
100 1 _aايمان عبدالفتاح
245 1 0 _aدكتور يوسف عزالدين عيسى :
_bعبقرية الفكر الروائى /
_cايمان عبدالفتاح
250 _aالاولى
260 _aالقاهرة :
_bدار الوفاء للطباعة والنشر والتوزيع ،
_c1998
300 _a109 ص ؛
_c24 سم
650 0 4 _aالادب العربى
650 0 4 _aيوسف عزالدين
650 0 4 _aالادب العربى - تاريخ ونقد
650 0 4 _aالادباء العرب - مصر
942 _2ddc
_cBK
999 _c4997
_d4997